000 00499nam a2200145 4500
999 _c15948
_d15948
008 210120b ||||| |||| 00| 0 eng d
022 _a0732-8435
082 _aDPer 657.05 C33 Sept - Mar 2015, v. 85 - 86
100 _aGeller, Sheldon M.
_942788
245 _a401(k) plan design trends and insights/
_cSheldon M. Geller.
260 _aNew York:
_bThe New York State Society of CPA,
_c©2015.
300 _av86 n3, pages 62-63:
_c28 cm.
650 _aPlanning
_xRetirement.
_942789
942 _2ddc
_cPER